Départements de France à retrouver depuis Paris - Statistiques

Statistiques générales
  • Ce quiz a été pris 261 fois
  • Le résultat moyen est 70 sur 93
Statistiques - réponses
Réponse % Correct
Hauts-de-Seine
99%
Seine-Saint-Denis
96%
Val-de-Marne
92%
Yvelines
88%
Val-d'Oise
85%
Essonne
84%
Seine-et-Marne
82%
Eure
80%
Eure-et-Loir
80%
Loiret
78%
Oise
78%
Allier
76%
Ardennes
76%
Meurthe-et-Moselle
76%
Meuse
76%
Nord
76%
Pas-de-Calais
76%
Somme
76%
Ain
75%
Aisne
75%
Aube
75%
Bas-Rhin
75%
Calvados
75%
Cher
75%
Haute-Marne
75%
Hautes-Alpes
75%
Haut-Rhin
75%
Ille-et-Vilaine
75%
Jura
75%
Loire
75%
Loire-Atlantique
75%
Marne
75%
Nièvre
75%
Savoie
75%
Seine-Maritime
75%
Vendée
75%
Vosges
75%
Yonne
75%
Alpes-de-Haute-Provence
74%
Ardèche
74%
Charente
74%
Charente-Maritime
74%
Côte-d'Or
74%
Côtes-d'Armor
74%
Creuse
74%
Dordogne
74%
Doubs
74%
Drôme
74%
Finistère
74%
Gard
74%
Gironde
74%
Haute-Loire
74%
Haute-Savoie
74%
Isère
74%
Loir-et-Cher
74%
Manche
74%
Mayenne
74%
Morbihan
74%
Moselle
74%
Orne
74%
Puy-de-Dôme
74%
Rhône
74%
Saône-et-Loire
74%
Var
74%
Vaucluse
74%
Alpes-Maritimes
73%
Ariège
73%
Aude
73%
Bouches-du-Rhône
73%
Corrèze
73%
Deux-Sèvres
73%
Haute-Saône
73%
Haute-Vienne
73%
Indre
73%
Indre-et-Loire
73%
Landes
73%
Lot
73%
Lot-et-Garonne
73%
Maine-et-Loire
73%
Pyrénées-Orientales
73%
Sarthe
73%
Tarn-et-Garonne
73%
Territoire de Belfort
73%
Vienne
73%
Aveyron
72%
Cantal
72%
Gers
72%
Haute-Garonne
72%
Hérault
72%
Lozère
72%
Pyrénées-Atlantiques
72%
Tarn
72%
Hautes-Pyrénées
71%
Aucun quiz correspondant
Distribution des résultats
% des personnes avec chaque résultat
Percentile par nombre de réponses
Votre historique - résultats
Vous n’avez pas pris ce quiz